000
00316nam a22001337a 4500
008
170213b xxu||||| |||| 00| 0 eng d
020
_a
9780781741804
041
_a
eng
080
_2
7TH
_a
61
100
_a
4
101
_a
SHM
245
_a
A MANUAL OF LABORATORY AND DIAGNOSTIC TESTS
_c
FISCHBACH, F
942
_2
udc
_c
BK
999
_c
5272
_d
5272